Agricultura Chilena: rubros según tipo de productor y localización geográfica
שמור ב:
| Main Authors: | , , , , , |
|---|---|
| פורמט: | ספר |
| שפה: | ספרדית |
| יצא לאור: |
Santiago
Ministerio de Agricultura
2002
|
| נושאים: | |
| תגים: |
הוספת תג
אין תגיות, היה/י הראשונ/ה לתייג את הרשומה!
|
MARC
| LEADER | 00000nam a2200000 a 4500 | ||
|---|---|---|---|
| 001 | UCK8006 | ||
| 003 | CL-VaPUC | ||
| 008 | 060105e20020000CL |||||||||||||||||spa|d | ||
| 082 | 0 | 4 | |a 630.983 |b APE |2 21 |
| 100 | |a Apey Guzmán, Alfredo |e author |9 596987 | ||
| 700 | 0 | |a Tapia C., Bernabé |e author |9 497775 | |
| 700 | 0 | |a Ramírez C., José |e author |9 497776 | |
| 700 | 0 | |a Muñoz Q., Alejandro |e author |9 497777 | |
| 700 | 0 | |a Guevara C., Gabriela |e author |9 497778 | |
| 700 | 0 | |a Muñoz G., Leonardo |e author |9 497779 | |
| 245 | 1 | 0 | |a Agricultura Chilena: rubros según tipo de productor y localización geográfica |
| 300 | |a 176 p | ||
| 942 | |c BK | ||
| 945 | |d 20060105 00:00:00 |a jtorresc | ||
| 260 | |a Santiago |b Ministerio de Agricultura |c 2002 | ||
| 500 | |a Incluye un Diskette | ||
| 500 | |a Análisis a partir del VI Censo Nacional Agropecuario, 1997 | ||
| 650 | 0 | |a Agricultura |9 255598 | |
| 650 | 7 | |a DESARROLLO AGRICOLA |2 CL-VaPUC |9 259759 | |
| 650 | 0 | |a Desarrollo económico y social |9 256320 | |
| 650 | 0 | |a Viñas |9 365101 | |
| 650 | 7 | |a SECTOR AGRICOLA |2 CL-VaPUC |9 357761 | |
| 651 | 7 | |a CHILE |2 CL-VaPUC |9 497780 | |
| 583 | |a last modification |c 20060105 00:00:00 |k Rodrigo Vera | ||
| 999 | |c 315843 |d 315841 | ||
| 952 | |0 0 |1 0 |4 0 |6 630_983000000000000_APE_2002 |7 0 |8 A |9 389648 |a BIBAGR |b BIBAGR |d 2019-11-22 |i 4198190 |o 630.983 APE 2002 |p 4198190 |r 2025-01-20 |w 2019-11-22 |y BK |k AGR | ||